Logo BPK

Biblioteka

Politechniki Koszalińskiej

Kryteria wykonania i badania pokryw oraz zwieńczeń studni kanalizacji kablowej z betonu zbrojonego / (Rekord nr 49692)

Szczegóły MARC
000 -ETYKIETA REKORDU
podpole kontrolne o stałej długości 01193nam a2200277 i 4500
001 - NUMER KONTROLNY REKORDU
pole kontrolne bg
040 ## - ŹRÓDŁO KATALOGOWANIA
Instytucja, która utworzyła rekord BPK
041 ## - KOD JĘZYKA
Kod języka tekstu pol
044 ## - KOD KRAJU WYDAWCY/PRODUCENTA
Kod kraju wydawcy/producenta POL
080 ## - UNIWERSALNA KLASYFIKACJA DZIESIĘTNA - UKD
UKD 624.012.4
080 ## - UNIWERSALNA KLASYFIKACJA DZIESIĘTNA - UKD
UKD 625.78
080 ## - UNIWERSALNA KLASYFIKACJA DZIESIĘTNA - UKD
UKD 666.97/.98
008 - POLE O STAŁEJ DŁUGOŚCI - DANE KONTROLNE
podpole kontrolne o stałej długości 110209s2010 pl a |000 0 pol
245 00 - TYTUŁ/ODPOWIEDZIALNOŚĆ
Tytuł Kryteria wykonania i badania pokryw oraz zwieńczeń studni kanalizacji kablowej z betonu zbrojonego /
Pozostałe elementy strefy tytułu i oznaczenia odpowiedzialności [zespół aut. Michał A. Glinicki et al.].
260 ## - STREFA ADRESU WYDAWNICZEGO
Miejsce wydania Warszawa :
Nazwa wydawcy/dystrybutora Instytut Badawczy Dróg i Mostów. Branżowy Ośrodek Informacji Naukowej, Technicznej i Ekonomicznej Drogownictwa,
Data publikacji, dystrybucji/powstania dokumentu 2010.
300 ## - STREFA OPISU FIZYCZNEGO
Objętość 43, [5] s. :
Inne cechy fizyczne il. (w tym kolor.) ;
Rozmiary 24 cm.
490 1# - STREFA SERII I DOKUMENTU WIELOCZĘŚCIOWEGO - FORMA NIE DO WYSZUKIWANIA
Tytuł i oznaczenie odpowiedzialności serii Informacje, Instrukcje - Instytut Badawczy Dróg i Mostów. Branżowy Ośrodek Informacji Naukowej, Technicznej i Ekonomicznej Drogownictwa,
ISSN 1231-0638 ;
Numeracja w obrębie serii z. 82.
504 ## - UWAGA DOTYCZĄCA BIBLIOGRAFII
Informacje o bibliografii Bibliogr. s. 43.
650 #4 - HASŁO PRZEDMIOTOWE W FORMIE NAZWY OGÓLNEJ LUB JEDNOSTKOWEJ
Nazwa ogólna lub geograficzna Beton
Określnik ogólny wyroby
-- normalizacja
650 #4 - HASŁO PRZEDMIOTOWE W FORMIE NAZWY OGÓLNEJ LUB JEDNOSTKOWEJ
Nazwa ogólna lub geograficzna Kable telekomunikacyjne
650 #4 - HASŁO PRZEDMIOTOWE W FORMIE NAZWY OGÓLNEJ LUB JEDNOSTKOWEJ
Nazwa ogólna lub geograficzna Kanalizacja
Określnik ogólny budowa i konstrukcje
-- normalizacja
650 #4 - HASŁO PRZEDMIOTOWE W FORMIE NAZWY OGÓLNEJ LUB JEDNOSTKOWEJ
Nazwa ogólna lub geograficzna Prefabrykaty
Określnik ogólny normalizacja
700 1# - HASŁO DODATKOWE - NAZWA OSOBOWA
Nazwa osobowa Glinicki, Michał Antoni.
830 #0 - HASŁO DODATKOWE SERII LUB DOKUMENTU WIELOCZĘŚCIOWEGO - TYTUŁ UJEDNOLICONY
Tytuł ujednolicony Informacje, Instrukcje / Instytut Badawczy Dróg i Mostów,
-- 1231-0638 ;
Oznaczenie tomu z. 82.
856 ## - LOKALIZACJA I DOSTĘP DO ELEKTRONICZNYCH DOKUMENTÓW ZDALNYCH
Link (URL) http://koha.tu.koszalin.pl/cgi-bin/koha/opac-detail.pl?biblionumber=49692
Tekst linku Katalog online BPK
942 ## - DODATKOWE ELEMENTY (KOHA)
Typ dokumentu Książka
Egzemplarze
Wycofany Status egzemplarza Uszkodzony Dostępność Lokalizacja stała Lokalizacja bieżąca Miejsce przechowywania Sygnatura Kod kreskowy Dział Typ dokumentu
      Tylko na miejscu Czytelnia Wydziału Elektroniki i Informatyki, Wydziału Architektury i Wzornictwa, Wydziału Inżynierii Mechanicznej i Energetyki oraz Wydziału Inżynierii Lądowej, Środowiska i Geodezji Czytelnia Wydziału Elektroniki i Informatyki, Wydziału Architektury i Wzornictwa, Wydziału Inżynierii Mechanicznej i Energetyki oraz Wydziału Inżynierii Lądowej, Środowiska i Geodezji Czytelnia Wydziałowa ul. Śniadeckich 2 S 1521 02508238 625 Technika dróg komunikacyjnych. Budowa dróg Książka
© 2023 Biblioteka Politechniki Koszalińskiej :: KOHA